[Event "Barcelona Tres Peons op-B 15th"]
[Site "Barcelona"]
[Date "2013.01.11"]
[Round "1"]
[White "Forcadell Escouffier, Albert"]
[Black "Recio Reyes, Sergio"]
[Result "0-1"]
[WhiteElo "1526"]
[BlackElo "1815"]
[PlyCount "64"]
[EventDate "2013.01.11"]
[EventType "swiss"]
[EventRounds "9"]
[EventCountry "ESP"]
[SourceTitle "EXT 2014"]
[Source "ChessBase"]
[SourceDate "2013.11.20"]
[SourceVersion "1"]
[SourceVersionDate "2013.11.20"]
[SourceQuality "1"]

1. c4 c5 2. Nc3 Nf6 3. g3 g6 4. Bg2 Bg7 5. Nf3 0-0 6. 0-0 Nc6 7. d3 d6 8. a3 Bd7 9. Rb1 Qc8 10. Re1 a5 11. e4 Bg4 12. Qc2 Ne8 13. Nd5 Qd8 14. h3 Bd7 15. Qb3 Nf6 16. Nc3 a4 17. Qd1 Na5 18. Nd2 Nc6 19. Nxa4 Ne5 20. Nc3 Nxd3 21. Re2 Bh6 22. f4 Nh5 23. Nf1 Nxc1 24. Rxc1 Ra6 25. Nd5 e6 26. Nc3 e5 27. Nd5 exf4 28. gxf4 Qh4 29. Nh2 Bxf4 30. Nf3 Qg3 31. Qe1 Bxc1 32. Qc3 f6 0-1

[Event "Alcudia Belleuve"]
[Site "Alcudia"]
[Date "2012.10.18"]
[Round "5.35"]
[White "Forcadell Escouffier, Albert"]
[Black "Gibert Rossello, Antonio"]
[Result "1-0"]
[WhiteElo "1554"]
[BlackElo "1564"]
[PlyCount "69"]
[EventDate "2012.10.14"]
[EventType "swiss"]
[EventRounds "9"]
[EventCountry "ESP"]
[SourceTitle "EXT 2024"]
[Source "ChessBase"]
[SourceDate "2023.10.10"]
[SourceVersion "1"]
[SourceVersionDate "2023.10.10"]
[SourceQuality "1"]

1. Nf3 Nf6 2. e3 g6 3. d4 Bg7 4. b3 d5 5. Bb2 0-0 6. Bd3 Nbd7 7. Nbd2 c5 8. 0-0 cxd4 9. exd4 Re8 10. Re1 Qc7 11. Rc1 Nf8 12. Ne5 N6d7 13. Ndf3 Nxe5 14. Nxe5 Nd7 15. Nf3 Nf8 16. Qd2 Bd7 17. c4 dxc4 18. Bxc4 Qb6 19. Qf4 Ne6 20. Qe3 h6 21. Ne5 Bxe5 22. Qxe5 Qd6 23. Qe3 Kh7 24. h4 Qf4 25. Qh3 Rf8 26. d5 Nd4 27. Qxd7 Nf5 28. g3 Nxg3 29. Qh3 Ne4 30. Re2 Nd2 31. Re3 Nxc4 32. Rxc4 Qd6 33. Qf3 e6 34. Be5 Qxd5 35. Qf6 1-0

[Event "Alcudia Belleuve"]
[Site "Alcudia"]
[Date "2012.10.14"]
[Round "1.29"]
[White "Forcadell Escouffier, Albert"]
[Black "Diez Jover, Alberto"]
[Result "0-1"]
[WhiteElo "1554"]
[BlackElo "1891"]
[PlyCount "34"]
[EventDate "2012.10.14"]
[EventType "swiss"]
[EventRounds "9"]
[EventCountry "ESP"]
[SourceTitle "EXT 2024"]
[Source "ChessBase"]
[SourceDate "2023.10.10"]
[SourceVersion "1"]
[SourceVersionDate "2023.10.10"]
[SourceQuality "1"]

1. d4 d5 2. Nf3 Nf6 3. e3 e6 4. b3 Nbd7 5. Bb2 Bd6 6. Nbd2 Qe7 7. Ne5 Ne4 8. Qg4 Ndf6 9. Qf3 Bb4 10. Rd1 Nxd2 11. Rxd2 Bxd2+ 12. Kxd2 Ne4+ 13. Kc1 0-0 14. h4 Qb4 15. Nd3 Qd2+ 16. Kb1 Qa5 17. Be2 Nd2+ 0-1